000 00443pab a2200169 454500
008 180718b2005 xxu||||| |||| 00| 0 eng d
100 _aXaxa, Virginius
245 _aPolitics of language, religion and identity: tribes in India
260 _c2005
300 _ap.1363-370.
362 _a26 Mar
650 _aReligion - India
650 _aTribes - India
650 _aTribes
773 _aEconomic and Political Weekly
909 _a64604
999 _c64604
_d64604